Football par lettre - I - Statistiques

Statistiques générales
  • Ce quiz a été pris 219 fois
  • Le résultat moyen est 12 sur 20
Statistiques - réponses
Hint Réponse % Correct
Les joueurs de ce club sont appelés les Nerazurri Inter Milan
98%
Légende du Barça qui a poursuivi sa carrière à Kobe Andres Iniesta
92%
Franchise américaine créée par David Beckham où évolue Leo Messi Inter Miami
90%
Pays hote de la CDM 1990 Italie
89%
Veritable renard des surfaces du Milan des années 2000 Filippo Inzaghi
85%
Attaquant suédois qui a rejoint Newcastle en provenance de la Real Sociedad Alexander Isak
81%
Club qui a fait son retour en Premier League en 2024 Ipswich Town
81%
Surnom de l'équipe d'Arsenal qui a remporté la Premier League en 2004 Les Invincibles
77%
Cet attaquant prétentieux avait sa marionnette dans les Guignols de l'Info Zlatan Ibrahimovic
75%
Ancienne coupe d'Europe disparue en 2008 et qui se jouait l'été Coupe Intertoto
68%
Défenseur serbe arrivé à Chelsea en 2008 Branislav Ivanović
65%
Joueur italien transféré de Naples à Toronto en 2022 Lorenzo Insigne
64%
Ce pays a du renoncer à participer la CDM 1950 Inde
57%
Dessin animé japonais narrant les aventures de l'équipe de Raimon Inazuma Eleven
56%
Francisco Román Alarcón Suárez est son nom complet Isco
46%
Ce joueur avait du faire une pause dans sa carrière à cause d'une dépression Josip Iličić
34%
A la Fiorentina, il se fait appeler Jorko Jonathan Ikoné
29%
Stade des Rangers Ibrox Stadium
16%
Club suédois qui a remporté la Ligue Europa en 1982 IFK Göteborg
15%
Livre paru en 2008 qui raconte l'histoire de la tactique dans le Football (titre en anglais) Inverting the Pyramid
2%
Aucun quiz correspondant
Distribution des résultats
% des personnes avec chaque résultat
Percentile par nombre de réponses
Votre historique - résultats
Vous n’avez pas pris ce quiz